000 00707nam a2200241 i 4500
001 C2-0279223
003 PPAK
005 20180728010519.0
008 070423s2004 my |||| ||||| | may d
020 _a9833128637
040 _aPPAK
_beng
_cPPAK
_erda
082 0 4 _a297.44
_223
090 0 0 _a297.44
_bHUS
_dG
100 0 _aHusain Muhammad Haikal,
_eauthor
245 1 0 _a140 tips pendidikan anak bersikap positif menurut rasulullah saw
264 1 _aKuala Lumpur :
_bJasmin Enterprise ,
_c2004
300 _axv, 216 pages ;
_c21 cm
336 _2rdacontent
_atext
337 _2rdamedia
_aunmediated
338 _2rdacarrier
_avolume
650 1 0 _aMuslim children - Conduct of life.
942 _ddc
_cB
999 _c85913
_d85913